01058 am a2200265 a 450000500170000000800410001702000150005804100080007310000220008124500600010325001500016326000320031330000110034550001130035665300380046965300300050765300290053765300180056665300180058465300130060265300620061565300460067765300450072370000240076820231213110126.0100913s1999||||sp f |||| 001 0 spa d a8445804804 aspa1 aBeauchamp, Tom L. aPrincipios de ética biomédica / cTom L. Beauchamp a1a ed. en español de la 4a ed. en inglés / bTraducción Teresa García García-Miguel ; F. Javier Júdez Gutierrez y Lydia Feito Grande. aBarcelona: bMasson;c1999. a522 p. aBeauchamp, T. L. y Childress, J. F. (1999). Principios de ética biomédica. (1a ed.). Barcelona : Masson. aMoralidad y justificación moral aTipos de teoría ética aRespeto a la autonomía aMaleficiencia aBeneficiencia aJusticia aRelaciones profesionales entre el sanitario y el paciente aVirtudes e ideales en la vida profesional aApéndice: casos de ética biomédica1 aChildress, James F.